LEADER 05330nam 2200685Ia 450 001 9911018961803321 005 20200520144314.0 010 $a9786610519507 010 $a9781280519505 010 $a1280519509 010 $a9783527603732 010 $a3527603735 010 $a9783527604036 010 $a3527604030 035 $a(CKB)1000000000376173 035 $a(EBL)481753 035 $a(OCoLC)68571640 035 $a(SSID)ssj0000178623 035 $a(PQKBManifestationID)11171618 035 $a(PQKBTitleCode)TC0000178623 035 $a(PQKBWorkID)10222019 035 $a(PQKB)10692810 035 $a(MiAaPQ)EBC481753 035 $a(Perlego)2769986 035 $a(EXLCZ)991000000000376173 100 $a20040802d2005 fy 0 101 0 $aeng 135 $aur|n|---||||| 181 $ctxt 182 $cc 183 $acr 200 00$aIndustrial inorganic pigments /$fedited by Gunter Buxbaum and Gerhard Pfaff 205 $a3rd, completely rev. ed. 210 $aWeinheim $cWiley-VCH$dc2005 215 $a1 online resource (318 p.) 300 $aPrevious ed.: 1998. 311 08$a9783527303632 311 08$a3527303634 320 $aIncludes bibliographical references (p. 289-295) and index. 327 $aIndustrial Inorganic Pigments; Contents; Preface to the Third Edition; Preface to the Second Edition; List of Contributors; 1 Introduction; 1.1 General Aspects; 1.1.1 History, Classification, Standards; 1.1.1.1 Definition; 1.1.1.2 History; 1.1.1.3 Classification; 1.1.2 Economic Aspects and Uses; 1.1.2.1 Economic Aspects; 1.1.2.2 Uses; 1.1.3 New Developments; 1.2 General Chemical and Physical Properties; 1.2.1 Fundamental Aspects; 1.2.1.1 Chemical Composition; 1.2.1.2 Analysis; 1.2.1.3 Crystallography and Spectra; 1.2.1.4 Particle Size; 1.2.2 Methods of Determination; 1.2.2.1 General Methods 327 $a1.2.2.2 Matter Volatile and Loss on Ignition1.2.2.3 Aqueous Extracts; 1.2.2.4 Particle Size Distribution; 1.2.2.5 Pigment Density; 1.2.2.6 Hardness and Abrasiveness; 1.3 Color Properties; 1.3.1 Fundamental Aspects; 1.3.1.1 Colorimetry; 1.3.1.2 Kubelka-Munk Theory; 1.3.1.3 Multiple Scattering; 1.3.1.4 Mie's Theory; 1.3.2 Color Measurement; 1.3.2.1 General; 1.3.2.2 Methods of Determination; 1.3.3 Tinting Strength, Lightening Power, and Scattering Power; 1.3.3.1 Tinting Strength; 1.3.3.2 Lightening Power; 1.3.3.3 Relative Scattering Power; 1.3.4 Hiding Power and Transparency 327 $a1.3.4.1 Hiding Power1.3.4.2 Transparency; 1.4 Stability Towards Light, Weather, Heat, and Chemicals; 1.4.1 Fundamental Aspects; 1.4.2 Test Methods; 1.4.2.1 Light Stability; 1.4.2.2 Weather Resistance; 1.4.2.3 Heat Stability; 1.4.2.4 Fastness to Chemicals; 1.5 Behavior of Pigments in Binders; 1.5.1 Fundamental Aspects; 1.5.2 Test Methods; 1.5.2.1 Pigment-Binder Interaction; 1.5.2.2 Dispersing Behavior in Paint Systems; 1.5.2.3 Miscellaneous Pigment-Binder Systems; References; 2 White Pigments; 2.1 Titanium Dioxide; 2.1.1 Properties; 2.1.1.1 Physical Properties; 2.1.1.2 Chemical Properties 327 $a2.1.1.3 Surface Properties of TiO(2) Pigments2.1.2 Raw Materials; 2.1.2.1 Natural Raw Materials; 2.1.2.2 Synthetic Raw Materials; 2.1.3 Production; 2.1.3.1 Sulfate Method; 2.1.3.2 The Chloride Process; 2.1.3.3 Pigment Quality; 2.1.3.4 Aftertreatment; 2.1.3.5 Waste Management; 2.1.4 Economic Aspects; 2.1.5 Pigment Properties; 2.1.5.1 Scattering Power; 2.1.5.2 Mass-Tone (or Color); 2.1.5.3 Dispersion; 2.1.5.4 Lightfastness and Weather Resistance; 2.1.6 Analysis; 2.1.7 Uses of Pigmentary TiO(2); 2.1.7.1 Paints and Coatings; 2.1.7.2 Printing Inks; 2.1.7.3 Plastics; 2.1.7.4 Fibers; 2.1.7.5 Paper 327 $a2.1.7.6 Other Areas of Application2.1.8 Uses of Nonpigmentary TiO(2); 2.1.8.1 Electroceramics; 2.1.8.2 Catalysts; 2.1.8.3 Mixed Metal Oxide Pigments; 2.1.8.4 UV Absorption; 2.1.9 Toxicology; 2.2 Zinc Sulfide Pigments; 2.2.1 Properties; 2.2.2 Production; 2.2.2.1 Raw Materials; 2.2.2.2 Lithopone; 2.2.2.3 Sachtolith; 2.2.2.4 Hydrothermal Process; 2.2.2.5 Environmental Protection; 2.2.3 Commercial Products; 2.2.4 Uses; 2.2.4.1 Lithopone; 2.2.4.2 Sachtolith; 2.2.5 Economic Aspects; 2.2.6 Toxicology; 2.3 Zinc Oxide (Zinc White); 2.3.1 Introduction; 2.3.2 Properties; 2.3.2.1 Physical Properties 327 $a2.3.2.2 Chemical Properties 330 $aInorganic Pigments significantly change our surroundings. They are irreplaceable for the coloring of construction materials - their applications range from concrete to artist's colors, from industrial paints to toners in photocopiers, from coloring in foodstuffs to raw materials for catalysts. This book offers everything there is to know about inorganic pigments in a concise and thorough presentation: their manufacturing processes, their applications and markets, their testing procedures and standards, and also the health and environmental regulations relating to them. The reader is pr 606 $aPigments 606 $aPaint 615 0$aPigments. 615 0$aPaint. 676 $a667.29 701 $aBuxbaum$b Gunter$01840266 701 $aPfaff$b Gerhard$025226 801 0$bMiAaPQ 801 1$bMiAaPQ 801 2$bMiAaPQ 906 $aBOOK 912 $a9911018961803321 996 $aIndustrial inorganic pigments$94419796 997 $aUNINA LEADER 03133nam 2200625 a 450 001 9910971178203321 005 20251117080511.0 010 $a1-62081-249-5 035 $a(CKB)2670000000159831 035 $a(EBL)3021034 035 $a(SSID)ssj0000687006 035 $a(PQKBManifestationID)11453558 035 $a(PQKBTitleCode)TC0000687006 035 $a(PQKBWorkID)10733603 035 $a(PQKB)10860714 035 $a(MiAaPQ)EBC3021034 035 $a(Au-PeEL)EBL3021034 035 $a(CaPaEBR)ebr10681234 035 $a(OCoLC)779973680 035 $a(BIP)33837643 035 $a(EXLCZ)992670000000159831 100 $a20110131d2011 uy 0 101 0 $aeng 135 $aur|n|---||||| 181 $ctxt 182 $cc 183 $acr 200 00$aAppetite $eregulation, role in disease and control /$fSteven R. Mitchell, editor 205 $a1st ed. 210 $aHauppauge, N.Y. $cNova Science$dc2011 215 $a1 online resource (287 p.) 225 1 $aNutrition and diet research progress 300 $aDescription based upon print version of record. 311 08$a1-61209-842-8 320 $aIncludes bibliographical references and index. 327 $aAppetite regulation in early childhood : the impact of parenting behaviours and child temperament / Faye Powell ... [et al.] -- Role of appetite control in metabolic disease conditions / Stephen D. Anton, Pamela J. Dubyak, Kelly M. Naugle -- Appetite regulation and role of appetizers / K.S. Premavalli, D.D. Wadikar -- Association between soup intake and obesity-related parameters / Motonaka Kuroda ... [et al.] -- Serotonin neurotransmission in anorexia nervosa / Darakhshan Jabeen Haleem -- Older and aging consumers diet and its influence on health : the Spanish case / Teresa Garci?a, Ildefonso Grande -- Appetite preferences : investigating the roles of relationship satisfaction and idealistic thinking in food decision-making strategies of romantic couples / Jennifer M. Bonds-Raacke -- Phytochemicals for the control of human appetite and body weight / S.A. Tucci, E.J. Boyland, J.C. Halford -- Ghrelin : a peptide involved in the control of appetite / Carine de Vriese, Jason Pret, Christine Delporte. 330 $aPresents research in the study of the regulation, role in disease and control of appetite. This book discusses topics that include parenting behaviours and early childhood appetite regulation; serotonin neurotransmission in anorexia nervosa, ageing consumers diet and its influence on health; appetite preferences; and, more. 410 0$aNutrition and diet research progress series. 606 $aAppetite 606 $aAppetite$xEffect of drugs on 606 $aAppetite disorders 606 $aEating disorders 615 0$aAppetite. 615 0$aAppetite$xEffect of drugs on. 615 0$aAppetite disorders. 615 0$aEating disorders. 676 $a615/.78 701 $aMitchell$b Steven R$01861162 801 0$bMiAaPQ 801 1$bMiAaPQ 801 2$bMiAaPQ 906 $aBOOK 912 $a9910971178203321 996 $aAppetite$94467248 997 $aUNINA